[Event "BCF-chT2 0304 (4NCL)"]
[Site "West Bromwich"]
[Date "2004.05.22"]
[Round "10.7"]
[White "Muter, Donny"]
[Black "Saunders, John C"]
[Result "1/2-1/2"]
[WhiteElo "2136"]
[BlackElo "2195"]
[PlyCount "41"]
[EventDate "2003.11.17"]
[EventType "team"]
[EventRounds "11"]
[EventCountry "ENG"]
[SourceTitle "EXT 2005"]
[Source "ChessBase"]
[SourceDate "2004.11.15"]
[SourceVersion "1"]
[SourceVersionDate "2004.11.15"]
[SourceQuality "1"]
[WhiteTeam "Mindsports"]
[BlackTeam "SW Dragons"]
[WhiteTeamCountry "ENG"]
[BlackTeamCountry "ENG"]

1. d4 Nf6 2. Nf3 g6 3. c4 Bg7 4. Nc3 d6 5. e4 0-0 6. Bg5 h6 7. Bh4 c5 8. d5 Nbd7 9. Be2 g5 10. Bg3 Nh5 11. 0-0 Nxg3 12. hxg3 Ne5 13. Ne1 f5 14. exf5 Bxf5 15. Nc2 Qb6 16. Na4 Qa5 17. Ne3 Bg6 18. Nc3 a6 19. a4 Rab8 20. Qd2 Qc7 21. Ng4 1/2-1/2

[Event "BCF-chT 0203 (4NCL)"]
[Site "West Bromwich"]
[Date "2003.05.05"]
[Round "11.7"]
[White "Gilbert, Jessie"]
[Black "Saunders, John C"]
[Result "0-1"]
[WhiteElo "2113"]
[BlackElo "2187"]
[PlyCount "62"]
[EventDate "2002.11.??"]
[EventType "team"]
[EventRounds "11"]
[EventCountry "ENG"]
[SourceTitle "EXT 2004"]
[Source "ChessBase"]
[SourceDate "2003.11.25"]
[SourceVersion "1"]
[SourceVersionDate "2003.11.25"]
[SourceQuality "1"]
[WhiteTeam "PYO"]
[BlackTeam "SW Dragons"]
[WhiteTeamCountry "ENG"]
[BlackTeamCountry "ENG"]

1. d4 Nf6 2. c4 g6 3. Nc3 Bg7 4. e4 d6 5. f3 0-0 6. Bg5 c5 7. d5 Qa5 8. Qd2 a6 9. a4 e6 10. Ra3 exd5 11. cxd5 Re8 12. Bd3 Nbd7 13. Bf4 Ne5 14. Bxe5 Rxe5 15. Nge2 Re8 16. Nb1 Qc7 17. 0-0 c4 18. Bc2 Qb6+ 19. Kh1 Qxb2 20. a5 Nd7 21. Ba4 b5 22. axb6 Qxb6 23. Qc2 Qc5 24. Rc1 Rb8 25. Nec3 Re7 26. Bxd7 Rxd7 27. Ra4 Rdb7 28. Ra2 Rb4 29. Nd2 Bd7 30. Nd1 c3 31. Nb1 Bh6 0-1

[Event "BCF-chT 0001 (4NCL)"]
[Site "Birmingham"]
[Date "2001.05.07"]
[Round "11.4"]
[White "Hadzimanolis, Antonios"]
[Black "Saunders, John C"]
[Result "0-1"]
[WhiteElo "2291"]
[BlackElo "2199"]
[PlyCount "92"]
[EventDate "2000.09.??"]
[EventType "team"]
[EventRounds "11"]
[EventCountry "ENG"]
[SourceTitle "EXT 2002"]
[Source "ChessBase"]
[SourceDate "2001.11.25"]
[SourceVersion "1"]
[SourceVersionDate "2001.11.25"]
[SourceQuality "1"]
[WhiteTeam "PP"]
[BlackTeam "SW Dragons"]
[WhiteTeamCountry "ENG"]
[BlackTeamCountry "ENG"]

1. e4 c5 2. c3 d5 3. exd5 Qxd5 4. d4 cxd4 5. cxd4 g6 6. Nc3 Qd8 7. Bf4 Bg7 8. Bxb8 Rxb8 9. Qa4+ Bd7 10. Qxa7 Ra8 11. Qc5 Rc8 12. Qb4 Nh6 13. Nf3 0-0 14. Be2 Bc6 15. Rd1 e6 16. 0-0 Nf5 17. Ne5 Qc7 18. Nxc6 bxc6 19. Qc4 Rfd8 20. b4 Nxd4 21. Bd3 Qf4 22. Ne4 Be5 23. Ng3 Ra8 24. Rde1 Ra3 25. Re4 Qf6 26. Bb1 Bc7 27. Qc1 Ra7 28. Qc5 Rb7 29. a4 Rd5 30. Qc4 Bd6 31. b5 Bc5 32. bxc6 Nxc6 33. Ba2 Rb2 34. Re2 Rxe2 35. Qxe2 Re5 36. Qd2 h5 37. Bb1 Qh4 38. Bc2 Qc4 39. Qd3 Qb4 40. Ne4 Be7 41. Rb1 Qa5 42. Qd7 Qd5 43. Qxe7 Nxe7 44. Nf6+ Kf8 45. Rb8+ Kg7 46. Nxd5 Re1# 0-1

[Event "BCF-chT 0001 (4NCL)"]
[Site "Birmingham"]
[Date "2001.05.06"]
[Round "10.6"]
[White "Saunders, John C"]
[Black "McNab, Colin Anderson"]
[Result "0-1"]
[WhiteElo "2199"]
[BlackElo "2403"]
[PlyCount "148"]
[EventDate "2000.09.??"]
[EventType "team"]
[EventRounds "11"]
[EventCountry "ENG"]
[SourceTitle "EXT 2002"]
[Source "ChessBase"]
[SourceDate "2001.11.25"]
[SourceVersion "1"]
[SourceVersionDate "2001.11.25"]
[SourceQuality "1"]
[WhiteTeam "SW Dragons"]
[BlackTeam "Slough"]
[WhiteTeamCountry "ENG"]
[BlackTeamCountry "ENG"]

1. e4 g6 2. d4 d6 3. Nc3 Bg7 4. Nf3 Nf6 5. Be2 c6 6. 0-0 0-0 7. a4 Qc7 8. h3 Nbd7 9. Be3 b6 10. Qd2 Bb7 11. Rad1 Rad8 12. Qc1 e5 13. dxe5 dxe5 14. Nd2 a6 15. Nb3 Rfe8 16. Rfe1 Bf8 17. Bg5 Be7 18. Qe3 b5 19. axb5 cxb5 20. Bd3 Nb6 21. Qf3 Kg7 22. Bc1 Rd6 23. Ne2 Red8 24. Ng3 Ng8 25. Qe2 Bc8 26. Nd2 Be6 27. Ndf1 Na4 28. Ne3 f6 29. c3 R6d7 30. Bc2 Nb6 31. Rxd7 Rxd7 32. Rd1 Bc5 33. Rxd7+ Qxd7 34. Qd3 Qxd3 35. Bxd3 Ne7 36. Bc2 Nc4 37. Nxc4 bxc4 38. Nf1 f5 39. Be3 Bxe3 40. Nxe3 f4 41. Nf1 Nc8 42. Nd2 Nd6 43. Kf1 Bd7 44. Ke2 Bc6 45. f3 Bb5 46. Bb1 Kf6 47. Kf2 g5 48. Ba2 Ke7 49. Ke1 Kd7 50. Ke2 Kc6 51. Kf2 Kc5 52. Ke2 Ba4 53. Bb1 Nc8 54. Ba2 Nb6 55. Ke1 Bc2 56. Ke2 Bd3+ 57. Kd1 Na4 58. Kc1 Kb5 59. Bb1 Nc5 60. Ba2 Be2 61. Kc2 Nd7 62. Kc1 Kc5 63. Bb1 Nf8 64. Bc2 Ng6 65. Ba4 Nh4 66. Bd7 Nxg2 67. Bg4 Ne3 68. Bc8 a5 69. Bd7 h5 70. Be8 g4 71. fxg4 hxg4 72. Bh5 f3 73. Bxg4 Nxg4 74. hxg4 f2 0-1

[Event "BCF-chT2 9900 (4NCL)"]
[Site "Birmingham"]
[Date "2000.04.29"]
[Round "9.6"]
[White "Walker, Martin Graham"]
[Black "Saunders, John C"]
[Result "1/2-1/2"]
[WhiteElo "2112"]
[BlackElo "2200"]
[PlyCount "46"]
[EventDate "1999.10.??"]
[EventType "team"]
[EventRounds "11"]
[EventCountry "ENG"]
[SourceTitle "EXT 2001"]
[Source "ChessBase"]
[SourceDate "2000.11.22"]
[SourceVersion "1"]
[SourceVersionDate "2000.11.22"]
[SourceQuality "1"]
[WhiteTeam "POI"]
[BlackTeam "SW Dragons"]
[WhiteTeamCountry "ENG"]
[BlackTeamCountry "ENG"]

1. e4 c6 2. d4 d5 3. exd5 cxd5 4. c4 Nf6 5. Nc3 e6 6. Nf3 Be7 7. Bd3 0-0 8. 0-0 dxc4 9. Bxc4 Nc6 10. Qe2 a6 11. Rd1 Nb4 12. a3 Nbd5 13. Ne5 Qd6 14. Ne4 Nxe4 15. Qxe4 b5 16. Bd3 f5 17. Qe2 Bb7 18. a4 Nb4 19. axb5 Qd5 20. Qf3 Nxd3 21. Qxd5 Bxd5 22. Nxd3 axb5 23. Bd2 Bf6 1/2-1/2

[Event "White Rose Int 2nd"]
[Site "York"]
[Date "2000.01.30"]
[Round "7"]
[White "Jonkman, Harmen"]
[Black "Saunders, John C"]
[Result "1-0"]
[WhiteElo "2446"]
[BlackElo "2200"]
[PlyCount "51"]
[EventDate "2000.01.24"]
[EventType "tourn"]
[EventRounds "9"]
[EventCountry "ENG"]
[EventCategory "1"]
[SourceTitle "CBM 074 Extra"]
[Source "ChessBase"]
[SourceDate "2000.03.10"]
[SourceVersion "2"]
[SourceVersionDate "2000.03.10"]
[SourceQuality "1"]

1. e4 c6 2. d4 d5 3. Nd2 dxe4 4. Nxe4 Nd7 5. Ng5 e6 6. Bd3 Ngf6 7. N1f3 Bd6 8. Qe2 h6 9. Ne4 Nxe4 10. Qxe4 c5 11. Bd2 Qb6 12. Qg4 Kf8 13. Bc3 Nf6 14. dxc5 Bxc5 15. Qg3 Bd7 16. 0-0 Bc6 17. Ne5 Rd8 18. Nc4 Qa6 19. a4 Bd5 20. Qc7 Bb6 21. Qf4 Bxc4 22. Bxc4 Rd4 23. Qxd4 Bxd4 24. Bxa6 Bxc3 25. bxc3 bxa6 26. Rab1 1-0

[Event "White Rose Int 2nd"]
[Site "York"]
[Date "2000.01.24"]
[Round "1"]
[White "Saunders, John C"]
[Black "Fantin, Ludwig"]
[Result "1-0"]
[WhiteElo "2200"]
[BlackElo "2114"]
[PlyCount "73"]
[EventDate "2000.01.24"]
[EventType "tourn"]
[EventRounds "9"]
[EventCountry "ENG"]
[EventCategory "1"]
[SourceTitle "CBM 074 Extra"]
[Source "ChessBase"]
[SourceDate "2000.03.10"]
[SourceVersion "2"]
[SourceVersionDate "2000.03.10"]
[SourceQuality "1"]

1. e4 c5 2. c3 d5 3. exd5 Qxd5 4. d4 Nf6 5. Nf3 Bg4 6. Be2 e6 7. h3 Bh5 8. 0-0 Nc6 9. Be3 Rd8 10. dxc5 Bxc5 11. Qxd5 Rxd5 12. c4 Bxf3 13. cxd5 Bxe2 14. Re1 Bxe3 15. dxc6 Bb5 16. Rxe3 Bxc6 17. Nc3 Ke7 18. b4 Nd5 19. Nxd5+ Bxd5 20. Rc3 f5 21. Rc7+ Kf6 22. a4 a6 23. b5 axb5 24. axb5 h5 25. Rd7 Rc8 26. f3 Rc5 27. Rb1 Rc2 28. Rd8 Kg5 29. Rb4 Kf6 30. h4 Ke5 31. Rd7 Kf6 32. Kh1 g6 33. Kg1 Ke5 34. b6 Kf6 35. Rc7 Bc6 36. Kf1 Ra2 37. Rxc6 1-0

[Event "BCF-chT2 9900 (4NCL)"]
[Site "Birmingham"]
[Date "1999.10.10"]
[Round "2.4"]
[White "Yeo, Michael J"]
[Black "Saunders, John C"]
[Result "1-0"]
[WhiteElo "2201"]
[BlackElo "2200"]
[PlyCount "117"]
[EventDate "1999.10.??"]
[EventType "team"]
[EventRounds "11"]
[EventCountry "ENG"]
[SourceTitle "EXT 2001"]
[Source "ChessBase"]
[SourceDate "2000.11.22"]
[SourceVersion "1"]
[SourceVersionDate "2000.11.22"]
[SourceQuality "1"]
[WhiteTeam "Wessex"]
[BlackTeam "SW Dragons"]
[WhiteTeamCountry "ENG"]
[BlackTeamCountry "ENG"]

1. e4 g6 2. d4 Bg7 3. Nc3 d6 4. f4 Nd7 5. Nf3 c6 6. Be3 a6 7. a4 e6 8. Bd3 Ne7 9. 0-0 d5 10. e5 h5 11. Bf2 Qc7 12. Ne2 c5 13. c3 c4 14. Bc2 Nf5 15. b3 cxb3 16. Bxb3 Nb6 17. a5 Nc4 18. Bxc4 Qxc4 19. Nd2 Qc7 20. c4 Bd7 21. cxd5 exd5 22. Qb3 Bc6 23. Nc3 Qd7 24. Rfe1 0-0 25. Qd1 Rfe8 26. g4 hxg4 27. Qxg4 Qe6 28. h3 Bf8 29. Nf3 Ng7 30. Ng5 Qxg4+ 31. hxg4 Ne6 32. Nh3 Nc7 33. Re3 Bd7 34. Rg3 Be7 35. f5 Bh4 36. Rg2 Bxf2+ 37. Kxf2 Kf8 38. fxg6 fxg6 39. Nf4 g5 40. Nh5 Be6 41. Nf6 Re7 42. Rh1 Rg7 43. Rh8+ Bg8 44. Rgh2 Kf7 45. Ke3 Rd8 46. R2h6 Ke7 47. Nxg8+ Rdxg8 48. Rxg8 Rxg8 49. Rb6 Rh8 50. Rxb7 Rh3+ 51. Kd2 Kd8 52. Rb6 Rg3 53. Rd6+ Ke8 54. Nxd5 Nb5 55. Rxa6 Nxd4 56. e6 Nxe6 57. Rxe6+ Kf7 58. Re7+ Kf8 59. Ne3 1-0

[Event "BCF-chT2 9900 (4NCL)"]
[Site "Birmingham"]
[Date "1999.10.09"]
[Round "1.4"]
[White "Saunders, John C"]
[Black "Hadzimanolis, Antonios"]
[Result "1/2-1/2"]
[WhiteElo "2200"]
[BlackElo "2198"]
[PlyCount "108"]
[EventDate "1999.10.??"]
[EventType "team"]
[EventRounds "11"]
[EventCountry "ENG"]
[SourceTitle "EXT 2001"]
[Source "ChessBase"]
[SourceDate "2000.11.22"]
[SourceVersion "1"]
[SourceVersionDate "2000.11.22"]
[SourceQuality "1"]
[WhiteTeam "SW Dragons"]
[BlackTeam "BIG II"]
[WhiteTeamCountry "ENG"]
[BlackTeamCountry "ENG"]

1. e4 e5 2. Nf3 Nc6 3. c3 Nf6 4. d4 d5 5. Bb5 exd4 6. e5 Ne4 7. cxd4 Bd7 8. Ba4 Bb4+ 9. Nbd2 0-0 10. 0-0 Bxd2 11. Nxd2 Nxd2 12. Bxd2 Nxd4 13. Bxd7 Qxd7 14. Bb4 Ne6 15. Bxf8 Rxf8 16. f4 f5 17. Rc1 c5 18. a4 b6 19. b3 a6 20. Qf3 b5 21. axb5 axb5 22. Rfd1 Rd8 23. g3 g6 24. Qe3 Qc6 25. Qf3 c4 26. bxc4 bxc4 27. Kg2 Qc5 28. Qc3 Rc8 29. Qf3 d4 30. Ra1 c3 31. Qd3 c2 32. Rdc1 Qd5+ 33. Kg1 Rc3 34. Qd2 Qc5 35. Ra8+ Kg7 36. Ra2 d3+ 37. Kg2 Qd5+ 38. Kh3 Rc5 39. Ra3 g5 40. Rxd3 g4+ 41. Kh4 Qa8 42. Rd7+ Kh6 43. Qd6 Qe8 44. Qxe6+ Qxe6 45. Rd6 Qg6 46. h3 gxh3 47. Kxh3 Kh5 48. Rxg6 Kxg6 49. Kg2 h5 50. Kf2 Rc3 51. Kg2 Kf7 52. Kh3 Ke6 53. Kh4 Kd5 54. Kxh5 Rxg3 1/2-1/2

[Event "BCF-chT2 9899 (4NCL)"]
[Site "England"]
[Date "1999.05.01"]
[Round "9.5"]
[White "Savage, Ben D"]
[Black "Saunders, John C"]
[Result "0-1"]
[WhiteElo "2140"]
[BlackElo "2204"]
[PlyCount "126"]
[EventDate "1998.10.??"]
[EventType "team"]
[EventRounds "11"]
[EventCountry "ENG"]
[SourceTitle "EXT 2000"]
[Source "ChessBase"]
[SourceDate "1999.11.16"]
[SourceVersion "1"]
[SourceVersionDate "1999.11.16"]
[SourceQuality "1"]
[WhiteTeam "Wood Green II"]
[BlackTeam "SW Dragons"]
[WhiteTeamCountry "ENG"]
[BlackTeamCountry "ENG"]

1. d4 d6 2. e4 g6 3. Nc3 Bg7 4. Bc4 Nd7 5. Nf3 Nb6 6. Bb3 e6 7. Be3 Ne7 8. Qd2 h6 9. g4 d5 10. e5 a5 11. a4 Bd7 12. h4 Bc6 13. h5 Nc4 14. Qc1 g5 15. Rh3 Qd7 16. Nd2 Nxe5 17. dxe5 d4 18. Nce4 dxe3 19. Rxe3 Nd5 20. Bxd5 Bxd5 21. c4 Bc6 22. Qc3 b6 23. c5 Bd5 24. cxb6 cxb6 25. Nd6+ Qxd6 26. exd6 Bxc3 27. Rxc3 Rd8 28. Nc4 Bxc4 29. Rxc4 Rxd6 30. Rc8+ Rd8 31. Rc6 Rb8 32. Rd1 0-0 33. Rdd6 b5 34. axb5 Rxb5 35. Rb6 Rc5 36. Rbc6 Re5+ 37. Kf1 Rb8 38. Rb6 Rxb6 39. Rxb6 Rd5 40. Kg2 Kg7 41. Kg3 Rd4 42. f3 Rb4 43. Ra6 a4 44. Kh3 Kf6 45. Ra5 Ke7 46. Ra7+ Kf6 47. Ra5 e5 48. Ra6+ Kg7 49. Ra7 e4 50. fxe4 Rxe4 51. Kg3 Rb4 52. Kf3 Rb3+ 53. Kf2 Rxb2+ 54. Kf3 Rb3+ 55. Kf2 a3 56. Kg2 Kf6 57. Ra6+ Ke5 58. Rxh6 Kf4 59. Ra6 Kxg4 60. h6 Rb2+ 61. Kg1 Rb8 62. Rxa3 Rh8 63. Ra6 Kf5 0-1

[Event "BCF-chT2 9899 (4NCL)"]
[Site "England"]
[Date "1998.10.25"]
[Round "2.6"]
[White "Saunders, John C"]
[Black "Phillips, David A"]
[Result "1-0"]
[WhiteElo "2195"]
[BlackElo "2000"]
[PlyCount "77"]
[EventDate "1998.10.??"]
[EventType "team"]
[EventRounds "11"]
[EventCountry "ENG"]
[SourceTitle "EXT 2000"]
[Source "ChessBase"]
[SourceDate "1999.11.16"]
[SourceVersion "1"]
[SourceVersionDate "1999.11.16"]
[SourceQuality "1"]
[WhiteTeam "SW Dragons"]
[BlackTeam "BCCA"]
[WhiteTeamCountry "ENG"]
[BlackTeamCountry "ENG"]

1. g3 Nf6 2. Bg2 g6 3. e4 d6 4. d4 Bg7 5. Nc3 c6 6. Nge2 0-0 7. h3 e5 8. Be3 Nbd7 9. Qd2 exd4 10. Nxd4 Ne5 11. b3 Qa5 12. f4 c5 13. Nde2 Nc6 14. 0-0 Nh5 15. Kh2 b5 16. g4 b4 17. Nd5 Bxa1 18. Rxa1 Ng7 19. Nf6+ Kh8 20. Qxd6 Ba6 21. Qxc6 Rac8 22. Qd5 Bxe2 23. Qg5 Rc6 24. e5 Rxf6 25. Qxf6 Qb6 26. Qe7 Qd8 27. Qxc5 a5 28. Qd6 Ne6 29. Qxd8 Rxd8 30. Re1 Bb5 31. f5 gxf5 32. gxf5 Ng7 33. Bg5 Rc8 34. Be4 Re8 35. Bf6 Bd7 36. Rg1 Rg8 37. Kg3 h6 38. Kf4 Kh7 39. Bxg7 1-0

[Event "Newport"]
[Site "Newport"]
[Date "1998.??.??"]
[Round "6"]
[White "Beaumont, Chris"]
[Black "Saunders, John C"]
[Result "1-0"]
[WhiteElo "2335"]
[BlackElo "2225"]
[PlyCount "74"]
[EventDate "1998.07.??"]
[EventType "tourn"]
[EventRounds "9"]
[EventCountry "WLS"]
[EventCategory "3"]
[SourceTitle "EXT 1999"]
[Source "ChessBase"]
[SourceDate "1998.11.16"]
[SourceVersion "1"]
[SourceVersionDate "1998.11.16"]
[SourceQuality "1"]

1. d4 g6 2. e4 d6 3. Nc3 Bg7 4. Be3 a6 5. Qd2 b5 6. a4 b4 7. Nce2 a5 8. Ng3 Ba6 9. Bxa6 Nxa6 10. Nf3 h5 11. h4 Nf6 12. 0-0 Ng4 13. Bg5 0-0 14. c3 Qd7 15. Qe2 bxc3 16. bxc3 Rfb8 17. Qc4 c6 18. Rfb1 Rxb1+ 19. Rxb1 Rb8 20. Rxb8+ Nxb8 21. Qb3 Qc7 22. Bxe7 c5 23. Ng5 c4 24. Qb5 Qxe7 25. Qxb8+ Bf8 26. Qc8 d5 27. Qc6 dxe4 28. N3xe4 Bh6 29. f3 Bxg5 30. hxg5 Qa3 31. fxg4 Qc1+ 32. Kh2 Qf4+ 33. g3 Qe3 34. gxh5 Qe2+ 35. Kg1 Qe1+ 36. Kg2 Qe2+ 37. Nf2 gxh5 1-0

[Event "EU-chT (Men) 11th"]
[Site "Pula"]
[Date "1997.05.??"]
[Round "5.4"]
[White "Frois, Antonio"]
[Black "Saunders, John C"]
[Result "1-0"]
[WhiteElo "2350"]
[BlackElo "2240"]
[PlyCount "77"]
[EventDate "1997.05.05"]
[EventType "team-swiss"]
[EventRounds "9"]
[EventCountry "CRO"]
[SourceTitle "CBM 057 Extra"]
[Source "ChessBase"]
[SourceDate "1997.05.01"]
[SourceVersion "1"]
[SourceVersionDate "1997.05.01"]
[SourceQuality "1"]
[WhiteTeam "Portugal"]
[BlackTeam "Wales"]
[WhiteTeamCountry "POR"]
[BlackTeamCountry "WLS"]

1. d4 Nf6 2. Nf3 g6 3. c4 Bg7 4. Nc3 d6 5. Bg5 0-0 6. e3 Nbd7 7. h3 c6 8. Be2 Qc7 9. 0-0 Re8 10. Rc1 e5 11. b4 exd4 12. Nxd4 Ne4 13. Nxe4 Rxe4 14. Qd2 Re8 15. Rfd1 Nf6 16. Bf4 Qe7 17. Bf3 Ne4 18. Bxe4 Qxe4 19. Bxd6 Bxd4 20. exd4 Qe2 21. Qh6 Qh5 22. Qxh5 gxh5 23. Rc3 Re6 24. Bc5 Rg6 25. d5 Bd7 26. Kh2 b6 27. Be7 Re8 28. d6 f6 29. Rd4 Kf7 30. Rf4 Reg8 31. g3 f5 32. Ra3 Ra8 33. Rh4 Re6 34. Rxh5 Re2 35. Kg2 Rb2 36. Re3 Rxb4 37. Bh4 Re8 38. Rxh7+ Kg6 39. Rxd7 1-0

[Event "EU-chT (Men) 11th"]
[Site "Pula"]
[Date "1997.05.??"]
[Round "7.4"]
[White "Saunders, John C"]
[Black "Jacimovic, Dragoljub"]
[Result "0-1"]
[WhiteElo "2240"]
[BlackElo "2470"]
[PlyCount "172"]
[EventDate "1997.05.05"]
[EventType "team-swiss"]
[EventRounds "9"]
[EventCountry "CRO"]
[SourceTitle "CBM 057 Extra"]
[Source "ChessBase"]
[SourceDate "1997.05.01"]
[SourceVersion "1"]
[SourceVersionDate "1997.05.01"]
[SourceQuality "1"]
[WhiteTeam "Wales"]
[BlackTeam "Macedonia"]
[WhiteTeamCountry "WLS"]
[BlackTeamCountry "MKD"]

1. e4 e6 2. d4 d5 3. Nd2 Nc6 4. Ngf3 Nf6 5. e5 Nd7 6. Nb3 a5 7. a4 Be7 8. c3 b6 9. Bd3 Ba6 10. Bxa6 Rxa6 11. 0-0 0-0 12. Re1 Ncb8 13. Be3 c5 14. Nbd2 Nc6 15. Qe2 Ra8 16. g4 Re8 17. Kg2 Qc8 18. Rec1 Qa6 19. Qxa6 Rxa6 20. Nb1 Rc8 21. Ne1 Raa8 22. Na3 c4 23. Nec2 Na7 24. Rcb1 b5 25. Nxb5 Nxb5 26. axb5 a4 27. Ra2 Rcb8 28. Na3 Ra5 29. Bc1 Kf8 30. Kf3 Ke8 31. Ke2 Kd8 32. h3 Kc7 33. Bd2 Rh8 34. Kf3 Rb8 35. Ke2 Rb7 36. Bc1 Nb6 37. Bd2 Nc8 38. Bc1 Rb8 39. Kd1 Na7 40. Rba1 Ra8 41. Kc2 Bxa3 42. Rxa3 Nxb5 43. R3a2 Kc6 44. Bd2 R5a6 45. Be3 Nc7 46. Bg5 Kd7 47. Be3 R8a7 48. Bd2 Na8 49. Be3 Nb6 50. Bd2 Ra5 51. Be3 Ra8 52. Bd2 Rb5 53. Be3 Rb3 54. Bd2 f6 55. Be3 Kc6 56. f4 Rf8 57. Rf1 f5 58. Rf2 g6 59. Rf1 Kd7 60. Rf2 Ra8 61. Bc1 Ke7 62. Rf1 Rf8 63. Rf2 fxg4 64. hxg4 h5 65. g5 Ra8 66. Rh2 Kf7 67. Rh1 Kg7 68. Rh2 a3 69. Rxa3 Raxa3 70. bxa3 Na4 71. Rh3 Kf7 72. Bd2 Rxa3 73. Rh2 Ra2+ 74. Kc1 Nxc3 75. Rh3 Ne2+ 76. Kd1 Nxd4 77. Bb4 Ra4 78. Bd6 Nf5 79. Rc3 h4 80. Ke2 Ra2+ 81. Kf3 h3 82. Rc1 h2 83. Rb1 d4 84. Kg4 Ke8 85. Bc5 Kd7 86. Rd1 Ne3+ 0-1

[Event "BCF-chT 9697 (4NCL)"]
[Site "England"]
[Date "1997.01.26"]
[Round "6.5"]
[White "Saunders, John C"]
[Black "Thompson, Ian D"]
[Result "1/2-1/2"]
[WhiteElo "2240"]
[BlackElo "2300"]
[PlyCount "51"]
[EventDate "1996.10.??"]
[EventType "team"]
[EventRounds "12"]
[EventCountry "ENG"]
[SourceTitle "EXT 1999"]
[Source "ChessBase"]
[SourceDate "1998.11.16"]
[SourceVersion "1"]
[SourceVersionDate "1998.11.16"]
[SourceQuality "1"]
[WhiteTeam "SW Dragons"]
[BlackTeam "Guildford"]
[WhiteTeamCountry "ENG"]
[BlackTeamCountry "ENG"]

1. g3 Nf6 2. Bg2 d5 3. Nf3 c5 4. 0-0 Nc6 5. d3 g6 6. Nbd2 Bg7 7. e4 0-0 8. Re1 e6 9. h4 b5 10. Nh2 Rb8 11. e5 Nd7 12. f4 f6 13. exf6 Nxf6 14. Ndf3 Nh5 15. Nf1 Qc7 16. Qe2 Bd7 17. c3 b4 18. Qc2 Kh8 19. Be3 Qa5 20. Rac1 bxc3 21. bxc3 Qa3 22. Re2 d4 23. cxd4 cxd4 24. Bf2 Rfc8 25. Qd2 Qd6 26. Ng5 1/2-1/2

[Event "BCF-chT 9697 (4NCL)"]
[Site "England"]
[Date "1997.01.25"]
[Round "5.5"]
[White "Saunders, John C"]
[Black "Upton, Ian J"]
[Result "1-0"]
[WhiteElo "2240"]
[BlackElo "2235"]
[PlyCount "49"]
[EventDate "1996.10.??"]
[EventType "team"]
[EventRounds "12"]
[EventCountry "ENG"]
[SourceTitle "EXT 1999"]
[Source "ChessBase"]
[SourceDate "1998.11.16"]
[SourceVersion "1"]
[SourceVersionDate "1998.11.16"]
[SourceQuality "1"]
[WhiteTeam "SW Dragons"]
[BlackTeam "Wessex"]
[WhiteTeamCountry "ENG"]
[BlackTeamCountry "ENG"]

1. e4 e6 2. d4 d5 3. Nd2 Nc6 4. Ngf3 Nf6 5. e5 Nd7 6. c3 f6 7. exf6 Qxf6 8. Be2 Bd6 9. Nf1 0-0 10. Be3 Kh8 11. Ng3 e5 12. dxe5 Ndxe5 13. Qxd5 Be6 14. Qe4 Nxf3+ 15. Bxf3 Ne5 16. Be2 Qf7 17. 0-0 Bxa2 18. f4 Nc6 19. Bd3 g6 20. Rxa2 Qxa2 21. Bc4 Rae8 22. Bd4+ Be5 23. Bxe5+ Rxe5 24. Bxa2 Rxe4 25. Nxe4 1-0

[Event "BCF-chT 9697 (4NCL)"]
[Site "England"]
[Date "1997.??.??"]
[Round "11.2"]
[White "Saunders, John C"]
[Black "Lund, D Brett"]
[Result "1/2-1/2"]
[WhiteElo "2240"]
[BlackElo "2260"]
[PlyCount "64"]
[EventDate "1996.10.??"]
[EventType "team"]
[EventRounds "12"]
[EventCountry "ENG"]
[SourceTitle "EXT 1999"]
[Source "ChessBase"]
[SourceDate "1998.11.16"]
[SourceVersion "1"]
[SourceVersionDate "1998.11.16"]
[SourceQuality "1"]
[WhiteTeam "SW Dragons"]
[BlackTeam "NW Eagles"]
[WhiteTeamCountry "ENG"]
[BlackTeamCountry "ENG"]

1. e4 c5 2. c3 Nf6 3. e5 Nd5 4. d4 cxd4 5. Nf3 e6 6. cxd4 b6 7. Bd3 Bb4+ 8. Bd2 Bxd2+ 9. Nfxd2 Ba6 10. Ne4 0-0 11. Nbc3 Nxc3 12. bxc3 Bxd3 13. Qxd3 d5 14. exd6 f5 15. Nd2 Qxd6 16. 0-0 Nd7 17. Rfe1 Rac8 18. a4 Rc6 19. a5 b5 20. Qxb5 Rxc3 21. Nf3 h6 22. h3 Rfc8 23. Qe2 Nf8 24. Qe5 Qxe5 25. Nxe5 Nh7 26. Ng6 Kf7 27. Nf4 Nf8 28. d5 exd5 29. Nxd5 R3c5 30. Re7+ Kg8 31. Nf4 R8c7 32. Rae1 Rxe7 1/2-1/2

[Event "Cardiff"]
[Site "Cardiff"]
[Date "1997.??.??"]
[Round "9"]
[White "Saunders, John C"]
[Black "Tozer, Richard"]
[Result "1-0"]
[WhiteElo "2240"]
[BlackElo "2380"]
[PlyCount "79"]
[EventDate "1997.??.??"]
[EventType "tourn"]
[EventRounds "9"]
[EventCountry "WLS"]
[EventCategory "4"]
[SourceTitle "EXT 1998"]
[Source "ChessBase"]
[SourceDate "1997.11.17"]
[SourceVersion "1"]
[SourceVersionDate "1997.11.17"]
[SourceQuality "1"]

1. e4 c5 2. c3 b6 3. d4 Bb7 4. Nd2 cxd4 5. cxd4 g6 6. Ngf3 Bg7 7. Bd3 Nc6 8. Qa4 a6 9. d5 Ne5 10. Nxe5 Bxe5 11. Nf3 Bg7 12. 0-0 Nf6 13. Qb3 d6 14. Be3 Nd7 15. Rfd1 0-0 16. Rac1 Nc5 17. Bxc5 dxc5 18. a4 Qd6 19. Nd2 Rab8 20. Nc4 Qf4 21. Nxb6 Bc8 22. a5 Bg4 23. Re1 Be5 24. g3 Qf3 25. Qc2 Qf6 26. Rb1 Bc7 27. Nc4 Bd7 28. e5 Qg7 29. d6 exd6 30. exd6 Bd8 31. Ne5 Bh3 32. Qxc5 Bf6 33. Bxa6 Qh6 34. Qe3 Qh5 35. Qf4 Bg5 36. Qf3 Qh6 37. Bc4 Bf5 38. Nc6 Bxb1 39. Nxb8 Rxb8 40. Qxf7+ 1-0

[Event "Cardiff"]
[Site "Cardiff"]
[Date "1997.??.??"]
[Round "3"]
[White "Williams, Simon Kim"]
[Black "Saunders, John C"]
[Result "1-0"]
[WhiteElo "2255"]
[BlackElo "2240"]
[PlyCount "99"]
[EventDate "1997.??.??"]
[EventType "tourn"]
[EventRounds "9"]
[EventCountry "WLS"]
[EventCategory "4"]
[SourceTitle "EXT 1998"]
[Source "ChessBase"]
[SourceDate "1997.11.17"]
[SourceVersion "1"]
[SourceVersionDate "1997.11.17"]
[SourceQuality "1"]

1. c4 g6 2. Nc3 Bg7 3. g3 Nf6 4. Bg2 0-0 5. e4 d6 6. Nge2 c6 7. 0-0 e5 8. d3 a5 9. h3 Be6 10. f4 Qc8 11. Kh2 Ne8 12. Na4 Ra6 13. c5 Nd7 14. Be3 f6 15. f5 gxf5 16. exf5 Bf7 17. d4 d5 18. Rb1 Nc7 19. b4 Nb5 20. dxe5 Nxe5 21. Nb6 Qd8 22. bxa5 Rxa5 23. a4 Na3 24. Rb3 Nac4 25. Bd4 Qc7 26. Nf4 Nxb6 27. Rxb6 Rfa8 28. Rb4 Bf8 29. Bxe5 fxe5 30. Ne6 Qe7 31. Nxf8 Kxf8 32. f6 Qxc5 33. Rxb7 R5a7 34. Rxa7 Qxa7 35. Qc2 Qxa4 36. Qxh7 Ke8 37. h4 Qa3 38. Rf5 Qd6 39. Qh8+ Qf8 40. Rxe5+ Kd7 41. Qh7 Kd6 42. Qf5 Re8 43. Rxe8 Qxe8 44. Qf4+ Qe5 45. Qb4+ Kc7 46. Qa5+ Kb7 47. Qd8 Qe6 48. Bf3 c5 49. h5 Kc6 50. Bxd5+ 1-0